000 00405nam a2200133Ia 4500
008 231129s9999||||xx |||||||||||||| ||spa||
020 _a958-664-001-9
040 _bspa
082 _a986.102 R248u
100 _aRausch Jane M.
245 0 _aUna frontera de la sabana tropical. Los Llanos de Colombia 1531-1831
264 _aBanco de la Republica
942 _2ddc
_cBKS
999 _c25952
_d25952